| 000 | 00851nas a2200277 4500 | ||
|---|---|---|---|
| 001 | BR2010005524 | ||
| 003 | BR-BrBNA | ||
| 005 | 20231205114347.0 | ||
| 007 | ta | ||
| 008 | 230509b bl.|||p| |||| 00| 00por d | ||
| 040 |
_aBR-BrBNA _bpor _cBiblioteca Nacional de Agricultura |
||
| 041 | _a(Pt) | ||
| 072 | _aF60 | ||
| 100 | 1 | _aBatista, L.A. | |
| 100 | 1 | _aGuimarães, R.J. | |
| 100 | 1 | _aPereira, F.J. | |
| 100 | 1 | _aCarvalho, G.R. | |
| 100 | 1 | _aCastro, E.M. de | |
| 245 | 1 | _aAnatomia foliar e potencial hídrico na tolerância de cultivares de café ao estresse hídrico | |
| 650 | _aCAFÉ | ||
| 650 | _aDEFICIÊNCIA HÍDRICA | ||
| 650 | _aSTRESS | ||
| 773 | 0 |
_tRevista Ciència Agronômica (Brazil) _xISSN 0045-6888 _g(Jul-Sep 2010), v.41(3) p. 475-481 _wBR2010005524 |
|
| 909 |
_a202311 _bLúcia _c55 _dLúcia Elande |
||
| 942 |
_2AGRIS _n0 _cANA |
||
| 999 |
_c208414 _d208414 |
||